00490 2200193 4500001002100000005001500021008004100036020001800077035001900095041000700114082001000121090001600131100001800147245006400165260002500229300001900254500000600273650001700279INLIS00000000000296720241224112632241224||||||||| | ||| |||| || |  a979-775-172-4 0010-1224002967 aen0 a646.3 a646.3 ERR m0 aErryza Susilo00aMake Over Your Hijab Style In 2 Minutes: So Fresh So Simple bIndonesia Terac2012 a64 hlm.; 26 cm a1 0aketerampilan